Sikh Heritage of Pakistan (Record no. 323199)

000 -LEADER
fixed length control field 00437 a2200145 4500
001 - CONTROL NUMBER
control field 88126
003 - CONTROL NUMBER IDENTIFIER
control field NUST
082 ## - DEWEY DECIMAL CLASSIFICATION NUMBER
Classification number 726.14605491 SAF
100 ## - MAIN ENTRY--PERSONAL NAME
Personal name Safdar Ali Shah, Dr; Syed Javaid A. Kazi
9 (RLIN) 9767
245 ## - TITLE STATEMENT
Title Sikh Heritage of Pakistan
Statement of responsibility, etc. Dr Safdar Ali Shah , Syed Javaid A. Kazi
Medium English
250 ## - EDITION STATEMENT
Edition statement 1st
260 ## - PUBLICATION, DISTRIBUTION, ETC.
Place of publication, distribution, etc. Lahore
Name of publisher, distributor, etc. Mansoor Rashid
Date of publication, distribution, etc. 2012
300 ## - PHYSICAL DESCRIPTION
Extent 96p
Other physical details Hb
610 ## - SUBJECT ADDED ENTRY--CORPORATE NAME
Corporate name or jurisdiction name as entry element sikh building architecture
9 (RLIN) 9768
942 ## - ADDED ENTRY ELEMENTS (KOHA)
Institution code [OBSOLETE] CAE NUST
Koha item type Book
Call number prefix 726.14605491 SAF
Source of classification or shelving scheme
Holdings
Withdrawn status Lost status Damaged status Not for loan Collection code Permanent Location Current Location Date acquired Total Checkouts Full call number Barcode Date last seen Price effective from Koha item type
          College of Aeronautical Engineering (CAE) College of Aeronautical Engineering (CAE) 04/03/2017   726.14605491 SAF CAE86002 04/05/2017 04/05/2017 Book
© 2023 Central Library, National University of Sciences and Technology. All Rights Reserved.